Normal view
MARC view
- Small, Kenneth A.
Entry Personal Name
001 - CONTROL NUMBER
- control field: 22071
003 - CONTROL NUMBER IDENTIFIER
- control field: NUST
005 - DATE AND TIME OF LATEST TRANSACTION
- control field: 20191001101939.0
008 - FIXED-LENGTH DATA ELEMENTS
- fixed length control field: 191001|| aca||aabn | a|a d
040 ## - CATALOGING SOURCE
- Original cataloging agency: NUST
- Transcribing agency: NUST
100 ## - HEADING--PERSONAL NAME
- Personal name: Small, Kenneth A.
670 ## - SOURCE DATA FOUND
- Source citation: Work cat.: (NUST)0: Gómez-Ibáñez, José A., 1948- 22069, Road pricing for congestion management :, 1994.
